Word Ladder: London Calling Quiz Stats

Quiz Updated Mar 19, 2015

Challenge
Share
Tweet
Embed
Score 0/34 Timer 05:00
0 Plays Today
Clue 4-Letter Word % Correct
Toothpaste flavorMINT
97.5%
Breathe heavily, like a dogPANT
97.1%
Beer measurementPINT
96.8%
Locate FIND
96.4%
Golf vehicleCART
95.8%
♪ Heart & ____♪ MIND ♪
95.2%
Just okay or subtleFINE
94.1%
Rain heavilyPOUR
91.7%
Fork featureTINE
90.5%
♪ ____ Horsemen ♪♪ FOUR ♪
90.5%
Chess corner pieceROOK
90.1%
♪ Rudie ____ [Rung 31] ♪♪ CAN'T ♪
89.8%
Opposite of fair in baseballFOUL
89.6%
Sullen or sulky lookPOUT
86.8%
A supporter of a fencePOST
83.4%
Heist haulLOOT
83.3%
A bird or a crazy personLOON
83%
Clue 4-Letter Word % Correct
What one does in a raceRUNS
79.4%
♪ ____ in the Supermarket ♪♪ LOST ♪
79.2%
Aluminium sheetingFOIL
77.5%
♪ Paul's ____♪ TUNE ♪
73.7%
Ancient alphabet letterRUNE
73.1%
♪ Lover's ____♪ ROCK ♪
55.5%
LOTR's PippinTOOK
52.8%
♪ Up-____♪ TOON ♪
49.9%
♪ Rudie [Rung 3] ____♪ FAIL ♪
49.2%
Knight wearMAIL
46.2%
♪ The ____ of Brixton ♪♪ GUNS ♪
42.6%
♪ The ____ Cheat ♪♪ CARD ♪
42.3%
Sticky or slimey substanceGUNK
35.9%
Group of rugby playersRUCK
33.1%
Large water or gas carrierMAIN
30.5%
♪ Train in ____♪ VAIN ♪
28%
Sticky or slimey substanceGUCK
27.2%

Today's Daily Dose

Missing Word
Jazz Songs 'C'

On This Day
January 18th

You're not logged in!

Compare scores with friends on all Sporcle quizzes.
Sign Up with Email
OR
Log In

You Might Also Like...

Show Comments

Extras

Top Quizzes Today


Score Distribution

Your Account Isn't Verified!

In order to create a playlist on Sporcle, you need to verify the email address you used during registration. Go to your Sporcle Settings to finish the process.